| 000 | 00502nam a2200193Ia 4500 | ||
|---|---|---|---|
| 005 | 20250923145724.0 | ||
| 008 | 008 250917s9999 xx 000 0 eng d | ||
| 037 | _aReference | ||
| 040 |
_aDSWL _beng _cDSWL |
||
| 041 |
_aeng _2eng |
||
| 084 |
_aNQ44,L, N65 _qDSWL |
||
| 245 | 4 | _aThe times of India Annual 1965 | |
| 260 |
_aBombay _bTimes India Brass _c1965 |
||
| 300 | _a91p. | ||
| 365 |
_aINR _b4.50 |
||
| 925 | _g4.50 | ||
| 942 |
_cREF _hNQ44,L, N65 |
||
| 999 |
_c1454799 _d1454799 |
||